000 00816nam a22002175i 4500
001 156393
003 ES-MaACL
005 20230906210411.0
008 040729s1872 sp |||| | spa d
040 _aCAM
_bspa
_cCAM
100 1 _aJoliet, Charles.
_9128332
245 1 4 _aLos casamientos
_b: novelas /
_cpor Cárlos Joliet ; traducidas del francés para el folletín de "El Imparcial" por J. Darío Sanz.
260 _aMadrid :
_b[s.n.],
_c1872 (
_fImprenta de "El Imparcial", á cargo de J. Velada)
300 _a68 p. ;
_c27 cm.
490 1 _aBiblioteca de "El Imparcial"
597 _aTexto a dos col.
700 1 _aDarío Sanz, J.
_9126701
830 0 _aBiblioteca de "El Imparcial"
_9184187
852 _aES-MaACL
_jFol-Laf-202
_z-- Rúst.
_z-- Legado de Modesto de la Fuente
999 _c156393
_d156393